Statistiques concernant Messages codés #4

Cliquez ici pour prendre le quiz!

Statistiques générales

  • Ce quiz a été pris 51 fois
  • Le résultat moyen est 10 sur 15

Statistiques - réponses

Code
Continent
Pays% Correct
23544783EuropeBelgique
86%
2822Amérique du NordCuba
82%
287872543OcéanieAustralie
75%
26566243Amérique du SudColombie
75%
52766AsieJapon
75%
6394783Amérique du NordMexique
75%
73768Amérique du SudPérou
70%
767884425EuropePortugal
70%
2543743AfriqueAlgérie
68%
2654843Amérique du SudBolivie
68%
7656463EuropePologne
68%
4367443AsieGéorgie
66%
8864743AfriqueTunisie
57%
349783AfriqueÉgypte
55%
842452633AsieThaïlande
55%

Distribution des résultats

Percentile par nombre de réponses

% des personnes avec chaque résultat

Votre développement - résultats

Vous n’avez pas pris ce quiz